Theory of Machines (Record no. 611)

000 -LEADER
fixed length control field 00391nam a2200157 4500
008 - FIXED-LENGTH DATA ELEMENTS--GENERAL INFORMATION
fixed length control field 191030b ||||| |||| 00| 0 eng d
082 00 - DEWEY DECIMAL CLASSIFICATION NUMBER
Classification number 620.1
Item number T644
100 ## - MAIN ENTRY--PERSONAL NAME
Personal name Toft, Louis.
9 (RLIN) 120
245 10 - TITLE STATEMENT
Title Theory of Machines
250 ## - EDITION STATEMENT
Edition statement 5th ed.
260 ## - PUBLICATION, DISTRIBUTION, ETC. (IMPRINT)
Place of publication, distribution, etc London
Name of publisher, distributor, etc Pitman
Date of publication, distribution, etc 1944
300 ## - PHYSICAL DESCRIPTION
Extent x, 494 p.
650 #0 - SUBJECT ADDED ENTRY--TOPICAL TERM
Topical term or geographic name as entry element Mechanics
700 ## - ADDED ENTRY--PERSONAL NAME
Personal name Kersey, A. T. J.
9 (RLIN) 121
942 ## - ADDED ENTRY ELEMENTS (KOHA)
Source of classification or shelving scheme
Item type Books
Holdings
Withdrawn status Lost status Source of classification or shelving scheme Damaged status Not for loan Permanent location Current location Date acquired Full call number Barcode Date last seen Copy number Koha item type
          IMU Kolkata IMU Kolkata 1952-10-10 620.1 T644 00039 2019-10-30 1 Books
Designed and Maintained by IMU-KC Library, Kolkata Campus © Copyright All Rights Reserved

webs counters

Powered by Koha